Waste management in Malaysia : current status and prospects for bioremediation :

Bibliographic Details
Corporate Author: National Working Group on Biotechnology . Environmental Biotechnology Research Group
Other Authors: Yeoh, B. G.
Format: Book
Language:English
Published: Kuala Lumpur : Kementerian Sains, Teknologi dan Alam Sekitar , 1993
Subjects:

MARC

LEADER 00000cam a2200000 7i4500
001 0000008014
005 20160927.0
008 160905 my eng
020 |a 9679240010 
040 |a INS 
090 0 0 |a TD897.8.M4   |b W37 1993 
245 0 0 |a Waste management in Malaysia :   |b current status and prospects for bioremediation :   |b A monograph prepared by the Environmental Biotechnology Research Group of the National Working Group on Biotevhmology   |c editors B.G. Yeoh ...[et al.] 
260 |a Kuala Lumpur :   |b Kementerian Sains, Teknologi dan Alam Sekitar ,   |c 1993 
300 |a xiv, 199p. :   |b ill. ;   |c 26cm. 
500 |a Includes bibliographies and index 
650 0 |a Agricultural wastes   |z Malaysia 
650 0 |a factory and trade waste   |z Malaysia 
650 0 |a Sewage disposal   |z Malaysia 
700 1 |a Yeoh, B. G. 
710 2 |a National Working Group on Biotechnology .   |b Environmental Biotechnology Research Group 
999 |a 0000021895   |b BOOK   |c Open Shelf   |e Default branch